000 00476nmm a2200157Ia 4500
008 251105s9999||||xx |||||||||||||||||und||
020 _a9788471125033
041 _aspa
100 _aSiraj-Blatchford, John
245 0 _aNuevas tecnologías para la educación infantil y primaria
264 _a[Madrid, España] :
_bEdiciones Morata S.L.,
_c2005
300 _a200 páginas
650 _aEducation
856 _uhttps://public.digitaliapublishing.com/a/13460
942 _cCF
999 _c84760
_d84760